Отрывки речи на открытие академического курса морских наук, произнесенной Степаном Онисимовичем Бурачком | Речь, с которой С.О. Бурачок за обедом обратился к г. управляющему Морским министерством (Запись № 5354847)

Подробности
000 -МАРКЕР
контрольное поле 01776nam0a22003131 4500
001 - ИДЕНТИФИКАТОР ЗАПИСИ
контрольное поле v19\rc\1348361
005 - ИДЕНТИФИКАТОР ВЕРСИИ
контрольное поле 20260407101042.0
035 ## - ДРУГИЕ СИСТЕМНЫЕ НОМЕРА
Идентификатор записи (NLR Aleph) 005205604
100 ## - ДАННЫЕ ОБЩЕЙ ОБРАБОТКИ
Данные общей обработки 20060512e18621862|||y0rusy50 ca
101 0# - ЯЗЫК РЕСУРСА
Язык текста, звукозаписи и т.д. русский
102 ## - СТРАНА ПУБЛИКАЦИИ ИЛИ ПРОИЗВОДСТВА
Страна публикации Российская Федерация
105 ## - ПОЛЕ КОДИРОВАННЫХ ДАННЫХ: ТЕКСТОВЫЕ МАТЕРИАЛЫ, МОНОГРАФИЧЕСКИЕ
Кодированные данные о монографическом текстовом документе y z |||h|
200 1# - ЗАГЛАВИЕ И СВЕДЕНИЯ ОБ ОТВЕТСТВЕННОСТИ
Основное заглавие Отрывки речи на открытие академического курса морских наук, произнесенной Степаном Онисимовичем Бурачком
-- Речь, с которой С.О. Бурачок за обедом обратился к г. управляющему Морским министерством
210 ## - ПУБЛИКАЦИЯ, РАСПРОСТРАНЕНИЕ И ДР.
Место издания, распространения и т.д. [Кронштадт
Дата издания, распространения и т.д. 1862?]
215 ## - ФИЗИЧЕСКАЯ ХАРАКТЕРИСТИКА
Специфическое обозначение материала и объем 16, 3 с.
Размеры 23
311 ## - ПРИМЕЧАНИЯ, ОТНОСЯЩИЕСЯ К ПОЛЯМ СВЯЗИ (ПРИМЕЧАНИЯ О СВЯЗИ С ДРУГИМИ ПРОИЗВЕДЕНИЯМИ (ИЗДАНИЯМИ))
Текст примечания Отт. из "Кронштадт. вестн.", № 96. Прил., 1862 г., с. 12-28, 34-36
488 #0 - ДРУГИЕ ВЗАИМОСВЯЗАННЫЕ ПРОИЗВЕДЕНИЯ (ДОКУМЕНТЫ)
Встроенное поле 2001#$aКронштадтский вестник$v1862, № 96. Прил.
-- 215##$aС. 12-28, 34-36
Заглавие Кронштадтский вестник
532 10 - РАСШИРЕННОЕ ЗАГЛАВИЕ
Заглавие Речь, с которой Степан Онисимович Бурачок за обедом обратился к г. управляющему Морским министерством
700 #1 - ИМЯ ЛИЦА - ПЕРВИЧНАЯ ОТВЕТСТВЕННОСТЬ
Материалы, к которым относится поле rus
Графика поля Кириллица
Начальный элемент ввода Бурачек
Часть имени, кроме начального элемента ввода С. О.
Даты 1800-1876
Расширение инициалов личного имени Степан Онисимович
Идентификатор авторитетной/нормативной записи RU\NLR\AUTH\7756164
Системный номер авторитетной/нормативной записи 39096
712 01 - НАИМЕНОВАНИЕ ОРГАНИЗАЦИИ - ВТОРИЧНАЯ ОТВЕТСТВЕННОСТЬ
Начальный элемент ввода Россия
Структурное подразделение Гидрографический департамент
Идентификатор авторитетной/нормативной записи RU\NLR\AUTH\889928040
Системный номер авторитетной/нормативной записи 351709
790 #1 - ИМЯ ЛИЦА - АЛЬТЕРНАТИВНАЯ ФОРМА
Начальный элемент ввода Бурачок
Часть имени, кроме начального элемента ввода С.А.
Даты 1800-1876/77
Расширение инициалов личного имени Степан Анисимович
801 #0 - ИСТОЧНИК ЗАПИСИ
Страна Российская Федерация
Организация NLR
Дата составления 20060512
Правила каталогизации psbo
801 #0 - ИСТОЧНИК ЗАПИСИ
Страна Российская Федерация
Организация RuMoRGB
Дата составления 20060512
Источник данных psbo
801 #1 - ИСТОЧНИК ЗАПИСИ
Страна Российская Федерация
Организация ProSoft-M
Дата составления 20060512
Источник данных rusmarc
801 #2 - ИСТОЧНИК ЗАПИСИ
Страна Российская Федерация
Организация NLR
Дата составления 20070924
Источник данных rusmarc
852 ## - МЕСТОНАХОЖДЕНИЕ И ШИФР ХРАНЕНИЯ
Идентификатор организации NLR
Шифр хранения (Call Number) 18.91.4.511
942 ## - ДОПОЛНИТЕЛЬНЫЕ ЭЛЕМЕНТЫ ЗАПИСИ (АБИС)
Тип экземпляра АБИС Книга
980 ## - КОЛЛЕКЦИЯ
Название коллекции Национальная библиография
Экземпляры
Тип экземпляра Дата поступления Библиотека постоянного хранения Библиотека текущего хранения Место хранения Шифр хранения Штрих-код Статус экземпляра
Книга 26.10.2013 РНБ (Садовая) РНБ (Садовая) Русский книжный фонд -Главное здание, Ленинский читальный зал 18.91.4.511 5205604-10